000 00536nam a2200169Ia 4500
008 090201s9999 xx 000 0 und d
010 _aKPL-29573
040 _bमराठी
041 _aमराठी
082 _a32682
_b29573
100 _aप्रफुल्ल दत्त
245 _aपदचीन्हे
_cप्रफुल्ल दत्त
260 _c2004
_bश्रीविद्या प्रकाशन
300 _a110
_bमोठा
600 _aपदचीन्हे
942 _cBOOK
999 _c230960
_d230960